Cinema 2 : the time image (Record no. 12050)

MARC details
000 -LEADER
fixed length control field 00496nam a2200181Ia 4500
005 - DATE AND TIME OF LATEST TRANSACTION
control field 20250618113525.0
008 - FIXED-LENGTH DATA ELEMENTS--GENERAL INFORMATION
fixed length control field 231207s9999 xx 000 0 und d
020 ## - INTERNATIONAL STANDARD BOOK NUMBER
International Standard Book Number 9780485120707
040 ## - CATALOGING SOURCE
Transcribing agency PK-LaNCA
082 ## - DEWEY DECIMAL CLASSIFICATION NUMBER
Classification number 791.43
Item number DEL
100 ## - MAIN ENTRY--PERSONAL NAME
Author Name Deleuze, Gilles
245 #0 - TITLE STATEMENT
Title Cinema 2 : the time image
Statement of responsibility, etc. Gilles Deleuze
260 ## - PUBLICATION, DISTRIBUTION, ETC.
Name of publisher, distributor, etc. The University of Minnesota Press
Place of publication, distribution, etc. Minneapolis
Date of publication, distribution, etc. 1997
300 ## - PHYSICAL DESCRIPTION
Pages xviii, 344p
546 ## - LANGUAGE NOTE
Language note English
650 ## - SUBJECT ADDED ENTRY--TOPICAL TERM
Subject Cinema, Motion pictures
942 ## - ADDED ENTRY ELEMENTS (KOHA)
Koha item type M. Phil.
999 ## -
-- 12050
-- 12050
Holdings
Withdrawn status Weedout from Library Permanent Location Current Location Shelving location Date acquired Full call number Barcode Price effective from Koha item type
    NATIONAL COLLEGE OF ARTS, LAHORE - LIBRARY NATIONAL COLLEGE OF ARTS, LAHORE - LIBRARY M.Phil Section Basement of Library 08/12/2023 791.43 DEL 15953 15953 08/12/2023 M. Phil.